Embajador y hechicero (Record no. 162143)

MARC details
000 -LEADER
campo de control de longitud fija 00787nam a22001815i 4500
001 - NÚMERO DE CONTROL
campo de control 162143
003 - IDENTIFICADOR DE NÚMERO DE CONTROL
campo de control ES-MaACL
005 - FECHA Y HORA DE LA ÚLTIMA TRANSACCIÓN
campo de control 20250930063142.0
008 - DATOS DE LONGITUD FIJA--INFORMACIÓN GENERAL
campo de control de longitud fija 041102s1848 sp |||| | spa d
040 ## - FUENTE DE CATALOGACIÓN
Centro catalogador/agencia de origen CAM
Lengua de catalogación spa
Centro/agencia transcriptor CAM
100 0# - ENTRADA PRINCIPAL--NOMBRE DE PERSONA
Nombre de persona Pina, Mariano,
Fechas asociadas al nombre 1820-1883
9 (RLIN) 92066
245 10 - MENCIÓN DEL TÍTULO
Título Embajador y hechicero
Resto del título : comedia de magia en tres actos y en verso /
Mención de responsabilidad, etc. original en la parte literaria de Mariano Pina.
260 ## - PUBLICACIÓN, DISTRIBUCIÓN, ETC.
Lugar de publicación, distribución, etc. Granada :
Nombre del editor, distribuidor, etc. [s.n.,
Fecha de publicación, distribución, etc. 1848?.] (
Fabricante Imprenta de Benavides)
300 ## - DESCRIPCIÓN FÍSICA
Extensión 93 p. ;
Dimensiones 19 p.
596 ## - NOTA AL PIE DE IMPRENTA
NOTA AL PIE DE IMPRENTA El Palau fecha la obra en 1848 (226102)
852 ## - LOCALIZACIÓN
Ubicación ES-MaACL
Número de control de estantería F-8584(8)
Nota libre -- Enc. pasta española
condición física -- Falto de la cub. original
Nota libre -- Enc. en un vol. facticio formando parte de la col. facticia "Teatro español moderno", vol. 37
Holdings
Estatus retirado Estado de pérdida Estado de daño No para préstamo Colección Biblioteca de origen Biblioteca actual Ubicación en estantería Fecha de adquisición Total de préstamos Signatura topográfica completa Código de barras Visto por última vez Precio de reemplazo Tipo de ítem Koha
        Libros del s. XIX Biblioteca del Ateneo de Madrid Biblioteca del Ateneo de Madrid Sala Pecera Planta 2 17/01/2008   F-8584(8) 1169863 23/02/2023 23/02/2023 Libro impreso antiguo